002850000a2200097000450024500470000065000260004765000280007304100130010110000190011477300540013310aEcosystem management challenges ecologists14aManejo de ecosistemas14aPolíticas ambientales0 aInglés1 aMeyer, Judy L.1 tEcological Applications3153h3q738-740d1996g6